00856cam a2200217 a 4500020001500000020002200015040000700037082002600044100002300070245008600093260003000179300002500209650004000234700001900274856006000293856006700353856005900420942000700479999001700486952013500503 a0471450510 a0471706248 (pbk.) cUP00a791 WIL 2004 A085 Or.1 aBreitbart, Andrew.10aHollywood, interrupted :binsanity chic in Babylon-- the case against celebrity / aNew York :bWiley,c2004. axx, 394 p. ;c24 cm. 0aMotion picture actors and actresses1 aEbner, Mark C.42uhttp://www.loc.gov/catdir/bios/wiley046/2004299042.html42uhttp://www.loc.gov/catdir/description/wiley041/2004299042.html41uhttp://www.loc.gov/catdir/toc/wiley041/2004299042.html cEK c13221d13221 0010406791_000000000000000_WIL_2004_A086_OR70963754aLBAbLBAcA086d2017-08-22o791 WIL 2004 A086 Or.pA17801r2017-08-22yEK